I wonder why the Sahara is cold at night , and other questions about deserts / (Record no. 14349)

MARC details
000 -LEADER
fixed length control field 03056pam a2200433 a 4500
005 - DATE AND TIME OF LATEST TRANSACTION
control field 20080801114159.0
008 - FIXED-LENGTH DATA ELEMENTS--GENERAL INFORMATION
fixed length control field 080801t xxu||||| |||| 00| 0 eng d
010 ## - LCCN (DPL NO)
LC control number B-270119-124
020 ## - INTERNATIONAL STANDARD BOOK NUMBER
International Standard Book Number 075340804x
Terms of availability 10312.50 (set of 24 vol.)
035 ## - SYSTEM CONTROL NUMBER
System control number B-270125-130
037 ## - SOURCE OF ACQUISITION
Stock number G-04-0021 / 27.05.08
Source of stock number/acquisition Grolier Inernational ( P ) Ltd
040 ## - CATALOGING SOURCE
Original cataloging agency DLC
Language of cataloging EN
082 ## - DEWEY DECIMAL CLASSIFICATION NUMBER
Classification number 551.415
100 ## - MAIN ENTRY--PERSONAL NAME
Personal name Gaff , Jackie
245 ## - TITLE STATEMENT
Title I wonder why the Sahara is cold at night , and other questions about deserts /
Statement of responsibility, etc by Jackie Gaff
260 ## - PUBLICATION, DISTRIBUTION, ETC. (IMPRINT)
Place of publication, distribution, etc London
Name of publisher, distributor, etc Kingfisher Books,
Date of publication, distribution, etc 1997.
260 ## - PUBLICATION, DISTRIBUTION, ETC. (IMPRINT)
Place of publication, distribution, etc New Delhi
Name of publisher, distributor, etc Grolier International ,Vendor
270 ## - ADDRESS
Address Grolier International , (Vendor) Uppal, M 6, third floor , District Centre
City New Delhi
Postal code 110025
Telephone number 011-46118118
300 ## - PHYSICAL DESCRIPTION
Extent 32 p. :
Other physical details col. ill. ;
Dimensions 29 cm.
500 ## - GENERAL NOTE
General note Includes index.
500 ## - GENERAL NOTE
General note It is a set of 24 volumes and set price 10312.50
520 ## - SUMMARY, ETC.
Summary, etc Answers such questions about birds as why a budgie cocks its head, which bird likes to paddle in the mud, and whose nest has central heating.
650 ## - SUBJECT ADDED ENTRY--TOPICAL TERM
General subdivision Juvenile literature.
650 ## - SUBJECT ADDED ENTRY--TOPICAL TERM
General subdivision Miscellanea.
650 ## - SUBJECT ADDED ENTRY--TOPICAL TERM
Topical term or geographic name as entry element Questions and answers.
830 ## - SERIES ADDED ENTRY--UNIFORM TITLE
Uniform title I wonder why (New York, N.Y.)
856 ## - ELECTRONIC LOCATION AND ACCESS
Materials specified Publisher description
Uniform Resource Identifier <a href="http://www.loc.gov/catdir/description/hm021/97000188.html">http://www.loc.gov/catdir/description/hm021/97000188.html</a>
856 ## - ELECTRONIC LOCATION AND ACCESS
Materials specified Contributor biographical information
Uniform Resource Identifier <a href="http://www.loc.gov/catdir/enhancements/fy0736/97000188-b.html">http://www.loc.gov/catdir/enhancements/fy0736/97000188-b.html</a>
942 ## - ADDED ENTRY ELEMENTS (KOHA)
Source of classification or shelving scheme Dewey Decimal Classification
Item type Children Books
Classification part 551.415
Call number suffix GAF
Holdings
Withdrawn status Lost status Damaged status Not for loan Collection code Home library Current library Date acquired Cost, normal purchase price Total Checkouts Full call number Barcode Date last seen Copy number Cost, replacement price Koha item type Public note Source of classification or shelving scheme Source of acquisition
      Not For Loan Reference Central Library Central Library 09/07/2008 10312.50   551.415 GAF B-270119 15/09/2008 1 10312.50 Children Books 10312.50 (set of 24 vol.)    
      Not For Loan Reference Jor Bagh (Children Lib) Jor Bagh (Children Lib) 09/07/2008 10312.50   551.415 GAF B-270122 15/09/2008 1 10312.50 Children Books 10312.50 (set of 24 vol.)    
      Not For Loan Reference Karol Bagh Karol Bagh 09/07/2008 10312.50   551.415 GAF B-270123 15/09/2008 1 10312.50 Children Books 10312.50 (set of 24 vol.)    
      Not For Loan Reference Patel Nagar Patel Nagar 09/07/2008 10312.50   551.415 GAF B-270120 15/09/2008 1 10312.50 Children Books 10312.50 (set of 24 vol.)    
      Not For Loan Reference Sarojini Nagar Sarojini Nagar 09/07/2008 10312.50   551.415 GAF B-270121 15/09/2008 1 10312.50 Children Books 10312.50 (set of 24 vol.)    
      Not For Loan Reference Shahdara Branch Shahdara Branch 09/07/2008 10312.50   551.415 GAF B-270124 15/09/2008 1 10312.50 Children Books 10312.50 (set of 24 vol.)    
      Not For Loan Reference Vinoba Puri Vinoba Puri 26/09/2008 10312.00   551.415 GAF B-285177 26/09/2008 1 10312.00 Children Books   Dewey Decimal Classification Grolier/G-07-0231/23.7.08/199/21.7.08/11.9.08

© Delhi Public Library
Hit Counter
free hit counter